header

The creation of the lus commune (Record no. 183559)

MARC details
000 -LEADER
fixed length control field 01372nam a2200349Ia 4500
082 04 - DEWEY DECIMAL CLASSIFICATION NUMBER
Classification number 340.55
245 04 - TITLE STATEMENT
Title The creation of the lus commune
260 ## - PUBLICATION, DISTRIBUTION, ETC. (IMPRINT)
Place of publication Edinburgh :
Name of publisher Edinburgh University Press,
Year of publication c2010.
300 ## - PHYSICAL DESCRIPTION
Number of Pages xiii, 304 p.
490 1# - SERIES STATEMENT
Series statement Edinburgh studies in law ;
650 #0 - SUBJECT ADDED ENTRY--TOPICAL TERM
Topical Term Law, Medieval.
Topical Term Common law
Topical Term Common law
700 1# - ADDED ENTRY--PERSONAL NAME
Personal name Cairns, John W.
Personal name Plessis, Paul J. du.
856 40 - ELECTRONIC LOCATION AND ACCESS
Uniform Resource Identifier http://site.ebrary.com/lib/rucke/Doc?id=10409245

No items available.

© 2026 Rongo University
Contact us: librarian | system librarian | Rongo university